Rosco de Pasapalabra #46 - Estadísticas

Estadísticas generales
  • Esta prueba ha sido intentada 323 veces
  • La puntuación promedio es 13 de 25
Estadísticas de respuestas
Inicial Definición Respuesta % Correcto
A Aparato para trasladar personas de unos pisos a otros Ascensor
98%
B Prenda femenina de baño compuesta de un sujetador y una braga Bikini
97%
L Cada uno de los golpes producidos por el movimiento alternativo de dilatación y contracción del corazón Latido
89%
M Conjunto de animales de una misma especie que van o viven en grupo Manada
89%
E Perteneciente o relativo a las estrellas Estelar
81%
H Filete de carne picada, de forma redondeada, que suele servirse dentro de un pan redondo Hamburguesa
78%
Contiene la Q País europeo con capital en Bratislava Eslovaquia
77%
O Acaecer, acontecer o suceder una cosa Ocurrir
77%
S Emitir una persona un sonido agudo al hacer pasar con fuerza el aire por una abertura estrecha de la boca Silbar
71%
R Sustancia empleada para alejar a ciertos animales, como el mosquito Repelente
66%
Contiene la Y Letra de mayor tamaño que la minúscula y que generalmente tiene distinta forma Mayúscula
63%
C Armazón de madera que sirve para sujetar el cuadro que se pinta Caballete
60%
F Parte extraída o conservada de una obra artística, literaria o musical Fragmento
58%
V Cortometraje en que se registra una canción o tema musical, generalmente con fines promocionales Videoclip
56%
I Obstáculo o estorbo para algo Impedimento
52%
D Deformación o alteración de imágenes, sonidos o señales producida en su transmisión o reproducción Distorsión
51%
P Aglomeración de polvo y suciedad que se forma generalmente debajo de los muebles Pelusa
41%
U Coche de reducidas dimensiones y bajo coste Utilitario
32%
N Procedimiento de asociación mental para facilitar el recuerdo de algo Nemotecnia
27%
G Ensalzar o alabar hiperbólicamente a alguien Glorificar
18%
Contiene la X Punto de una curva en que cambia de sentido su curvatura Inflexión
17%
Contiene la Ñ Acción de chocar los dientes de una mandíbula con los de otra con temblor producido por miedo o frío Castañeteo
14%
J Nombre artístico del productor musical que publicó el álbum 'Think on Your Feet' Jaimeson
3%
T Apellido del fotógrafo que publicó el libro 'Miércoles de misericordia' Trapiello
1%
Z Flecha o dardo hechos de un árbol de Filipinas llamado palma brava Zumblín
1%
No se encontraron pruebas coincidentes
Distribución de puntuación
Porcentaje de gente con cada puntuación
Porcentaje por número respondido
Historial de tus puntuaciones
No has intentado esta prueba.